Statistics for Caspian Sea Countries

Click here to take the quiz!

General Stats

  • This quiz has been taken 19,307 times
  • The average score is 4 of 5

Answer Stats

Country % Correct
Russia
94%
Azerbaijan
83%
Kazakhstan
83%
Turkmenistan
79%
Iran
77%

Score Distribution

Percentile by Number Answered

Percent of People with Each Score

Your Score History

You have not taken this quiz